000 00696nam a22002177a 4500
005 20230918122227.0
008 230918b sp |||||||| |||| 00| 0 spa d
020 _a8489920745
050 0 4 _aRC552.B84
_bF74 1999
100 1 _aFrench, Barbara
240 1 0 _aCoping with bulimia
_lEspañol.
245 1 3 _aLa bulimia
_c / Barbara French, traducción de Bibiana Lienas.
250 _a1a ed.
260 _aBarcelona, España:
_bPaidos ibérica,
_aMéxico :
_bPaidós Mexicana,
_c1999.
300 _a233 p. ;
_c20 cm.
490 0 _aSalud y calidad de vida ;
_v6.
504 _aBibliografía : p. 231-233
650 7 _2lemb
_aBulimia
700 1 _aLienas, Bibiana,
_etraductor
942 _2lcc
_cLIB
999 _c111968
_d111968